Para una situación de América Latina en el Pacífico
Tallennettuna:
| Päätekijät: | , , , , , |
|---|---|
| Muut tekijät: | |
| Aineistotyyppi: | Kirja |
| Kieli: | espanja |
| Julkaistu: |
Santiago
Consejo de Rectores de las Universidades Chilenas
1970
|
| Aiheet: | |
| Tagit: |
Lisää tagi
Ei tageja, Lisää ensimmäinen tagi!
|
MARC
| LEADER | 00000cam a2200000 a 4500 | ||
|---|---|---|---|
| 001 | UCV9442 | ||
| 003 | CL-VaPUC | ||
| 005 | 20230110074252.0 | ||
| 008 | 920929e19700000cl 1 spa d | ||
| 999 | |c 382045 |d 382043 | ||
| 040 | |c Pontificia Universidad Católica de Valparaíso | ||
| 082 | 0 | 4 | |a 711.409 |b BUT |2 21 |
| 100 | 1 | |a Buttazzoni Alvarez, Oscar |e author |9 616641 | |
| 245 | 1 | 0 | |a Para una situación de América Latina en el Pacífico |
| 260 | |a Santiago |b Consejo de Rectores de las Universidades Chilenas |c 1970 | ||
| 300 | |a 106 p | ||
| 500 | |a Trabajo presentado al Centro de Estudios del Pacífico por la Universidad Católica de Valparaíso, Escuela de Arquitectura | ||
| 518 | |p Conferencia del Pacífico, 1, Viña del Mar, 27 de Septiembre al 3 de Octubre de 1970 | ||
| 546 | |a En Español | ||
| 583 | |a last modification |c 20190820 06:17:10 |k Rodrigo Vera | ||
| 650 | 0 | 0 | |a Urbanismo |9 255208 |
| 650 | 0 | 7 | |a DESARROLLO URBANO |2 CL-VaPUC |9 616646 |
| 650 | 0 | 7 | |a MAR TERRITORIAL |2 CL-VaPUC |9 616647 |
| 651 | 0 | |a América Latina |9 255027 | |
| 651 | 7 | |a CHILE |2 CL-VaPUC |9 616648 | |
| 651 | 7 | |a OCEANO PACIFICO |2 CL-VaPUC |9 262019 | |
| 651 | 0 | |a Valparaíso, Chile |9 261144 | |
| 700 | 1 | |a Casanueva Carrasco, Manuel Luis |e author |9 616642 | |
| 700 | 1 | |a Cruz Covarrubias, Carlos Alberto |e author |9 510134 | |
| 700 | 1 | |a Díaz, Claudio |e author |9 616643 | |
| 700 | |a Iommi Marini, Godofredo Tito |e autor |9 857986 | ||
| 700 | 1 | |a Sánchez, Jorge |e author |9 616644 | |
| 700 | 1 | |a Verschueren, Juan |e author |9 616645 | |
| 852 | |a BIBCUR | ||
| 942 | |c BK |2 ddc | ||
| 945 | |d 19920929 00:00:00 | ||
| 952 | |0 0 |1 0 |4 0 |6 711_409000000000000_BUT_1970 |7 0 |8 A |9 503527 |a BIBARQ |b BIBARQ |d 2020-01-23 |i 2659514 |o 711.409 BUT 1970 |p 2659514 |r 2025-01-20 |w 2020-01-23 |y BK |k ARQ | ||
| 952 | |0 0 |1 0 |4 0 |6 711_409000000000000_BUT_1970 |7 0 |8 A |9 503529 |a BIBARQ |b BIBARQ |d 2020-01-23 |i 2659530 |o 711.409 BUT 1970 |p 2659530 |r 2025-01-20 |w 2020-01-23 |y BK |k ARQ | ||
| 952 | |0 0 |1 0 |4 0 |6 711_409000000000000_BUT_1970 |7 0 |8 A |9 503530 |a BIBHIS |b BIBHIS |d 2020-01-23 |i 1367196 |o 711.409 BUT 1970 |p 1367196 |r 2025-01-20 |w 2020-01-23 |y BK |k HIS | ||
| 952 | |0 0 |1 0 |4 0 |6 711_409000000000000_BUT_1970 |7 0 |8 A |9 503531 |a BIBARQ |b BIBARQ |d 2020-01-23 |i 3612201 |l 1 |o 711.409 BUT 1970 |p 3612201 |r 2025-01-20 |s 2024-09-24 |w 2020-01-23 |y BK |k ARQ | ||
| 952 | |0 0 |1 0 |3 erb |4 0 |6 711_409000000000000_BUT_1970 |7 0 |8 X |9 503532 |a FDOBUD |b FDOBUD |i 5244064 |o 711.409 BUT 1970 |p 5244064 |r 2020-01-23 |w 2020-01-23 |y BK_X |z Catalogado en:20151029 |k FHP | ||